[Event "87th YMCA Winter-B"]
[Site "Warszawa"]
[Date "2011.02.19"]
[Round "4"]
[White "Kurkowski, Zbigniew"]
[Black "Potocki, Karol"]
[Result "0-1"]
[WhiteElo "2059"]
[BlackElo "1860"]
[PlyCount "58"]
[EventDate "2011.01.05"]
[EventType "tourn"]
[EventRounds "1"]
[EventCountry "POL"]
[SourceDate "2011.01.05"]

1. e4 c5 2. Nf3 d6 3. d4 cxd4 4. Nxd4 Nf6 5. Nc3 a6 6. Be3 e5 7. Nb3 Be6 8. f3
h5 9. Qd2 Nbd7 10. Bd3 b5 11. Rf1 Be7 12. g3 Bh3 13. Rg1 Nb6 14. Qf2 Nc4 15.
Bxc4 bxc4 16. Bb6 Qc8 17. Na5 Be6 18. O-O-O Nd7 19. Nd5 Bxd5 20. Rxd5 Rb8 21.
Be3 Rb5 22. Rgd1 Qc7 23. Qd2 O-O 24. b4 Rfb8 25. c3 Qxa5 26. Rxb5 Qxb5 27. Qc2
Nb6 28. Bxb6 Qxb6 29. Qd2 Qc6 0-1

[Event "87th YMCA Winter-B"]
[Site "Warszawa"]
[Date "2011.01.26"]
[Round "4"]
[White "Radecki, Krzysztof"]
[Black "Ponceleusz, Bronislaw"]
[Result "1/2-1/2"]
[WhiteElo "1964"]
[BlackElo "1928"]
[PlyCount "98"]
[EventDate "2011.01.05"]
[EventType "tourn"]
[EventRounds "1"]
[EventCountry "POL"]
[SourceDate "2011.01.05"]

1. d4 Nf6 2. Nf3 d5 3. e3 Bf5 4. c4 c6 5. Nbd2 e6 6. Be2 h6 7. O-O Nbd7 8. b3
Bd6 9. Bb2 Qb8 10. Re1 O-O 11. Rc1 b5 12. cxd5 cxd5 13. a3 a6 14. Nf1 Ra7 15.
Ng3 Bh7 16. Bd3 Rc7 17. Bxh7+ Nxh7 18. Rxc7 Qxc7 19. Qd2 Rc8 20. Rc1 Qd8 21.
Kf1 Rxc1+ 22. Qxc1 Qc7 23. Ke2 Qxc1 24. Bxc1 Nhf6 25. Ne1 h5 26. Nd3 h4 27. Nf1
Nh5 28. h3 f5 29. Nd2 g5 30. Nf3 Be7 31. Nde5 Nxe5 32. Nxe5 Nf6 33. b4 Bd6 34.
Nd3 Nd7 35. Nc5 Bxc5 36. bxc5 Kf7 37. Kd3 Nb8 38. f3 Nc6 39. Bd2 Kg6 40. Be1
Kh5 41. Bf2 Kg6 42. Kc3 Kf6 43. Kb3 Kg6 44. a4 bxa4+ 45. Kxa4 Kh5 46. Be1 Kg6
47. Ba5 f4 48. exf4 gxf4 49. Bc7 Kf5 1/2-1/2

[Event "87th YMCA Winter-B"]
[Site "Warszawa"]
[Date "2011.02.09"]
[Round "5"]
[White "Ponceleusz, Bronislaw"]
[Black "Grochowski, Mariusz"]
[Result "1/2-1/2"]
[WhiteElo "1928"]
[BlackElo "1919"]
[Annotator "M"]
[PlyCount "48"]
[EventDate "2011.01.05"]
[EventType "tourn"]
[EventRounds "1"]
[EventCountry "POL"]
[SourceDate "2011.01.05"]

1. d4 d5 2. Nf3 c6 3. e3 Bg4 4. c4 e6 5. Nc3 Nf6 6. a3 Be7 7. h3 Bh5 8. Be2 O-O
9. O-O Nbd7 10. cxd5 cxd5 11. Bd3 a6 12. Bd2 Rc8 13. Rc1 b5 14. g4 Bg6 15. Bxg6
hxg6 16. Na2 Ne4 17. Bb4 Bd6 18. Bxd6 Nxd6 19. Nb4 Qb6 20. Nd3 Rxc1 21. Qxc1
Rc8 22. Qa1 Rc2 23. b4 Rc7 24. Nc5 Nc4 $11 1/2-1/2

[Event "87th YMCA Winter-B"]
[Site "Warszawa"]
[Date "2011.01.26"]
[Round "5"]
[White "Moskwinski, Marek"]
[Black "Kurkowski, Zbigniew"]
[Result "0-1"]
[WhiteElo "1872"]
[BlackElo "2059"]
[PlyCount "78"]
[EventDate "2011.01.05"]
[EventType "tourn"]
[EventRounds "1"]
[EventCountry "POL"]
[SourceDate "2011.01.05"]

1. e4 c5 2. Nf3 d6 3. d4 cxd4 4. Nxd4 Nf6 5. Nc3 a6 6. Be3 e5 7. Nb3 Be6 8. f3
Qc7 9. Qd2 Nbd7 10. O-O-O Rc8 11. Kb1 Be7 12. g4 Nb6 13. g5 Nfd7 14. Rg1 Nc4
15. Bxc4 Bxc4 16. f4 exf4 17. Bxf4 Ne5 18. Rg3 Be6 19. Nd4 Nc4 20. Qe2 Qa5 21.
Nxe6 fxe6 22. b3 Na3+ 23. Kb2 Qb4 24. Bd2 Nc4+ 25. Ka1 Nxd2 26. Qxd2 Qc5 27.
Kb2 O-O 28. Qd4 Rf2 29. h4 b5 30. Qxc5 Rxc5 31. b4 Rc4 32. a3 Rh2 33. Rg4 g6
34. Rdg1 Bf8 35. R1g2 Rxg2 36. Rxg2 Bg7 37. Rg3 Rxe4 38. Rd3 d5 39. Kb3 Rxh4
0-1

[Event "87th YMCA Winter-B"]
[Site "Warszawa"]
[Date "2011.02.03"]
[Round "5"]
[White "Milczarek, Robert"]
[Black "Gluszko, Monika"]
[Result "0-1"]
[WhiteElo "1882"]
[BlackElo "1997"]
[PlyCount "42"]
[EventDate "2011.01.05"]
[EventType "tourn"]
[EventRounds "1"]
[EventCountry "POL"]
[SourceDate "2011.01.05"]

1. d4 Nf6 2. c4 g6 3. Nc3 d5 4. cxd5 Nxd5 5. e4 Nxc3 6. bxc3 Bg7 7. Bc4 c5 8.
Ne2 Nc6 9. Be3 O-O 10. O-O Qc7 11. Rc1 Rd8 12. Bf4 Qa5 13. d5 Ne5 14. Bxe5 Bxe5
15. f4 Bg7 16. Qb3 Bd7 17. d6 e6 18. Qxb7 Rab8 19. Qc7 Qa4 20. Rb1 Rbc8 21. Bb3
Qa6 0-1

[Event "87th YMCA Winter-B"]
[Site "Warszawa"]
[Date "2011.02.08"]
[Round "5"]
[White "Liberadzki, Slawomir"]
[Black "Siekierski, Pawel"]
[Result "1/2-1/2"]
[WhiteElo "2013"]
[BlackElo "2015"]
[Annotator "M"]
[PlyCount "82"]
[EventDate "2011.01.05"]
[EventType "tourn"]
[EventRounds "1"]
[EventCountry "POL"]
[SourceDate "2011.01.05"]

1. e4 c5 2. c3 d6 3. d4 Nf6 4. dxc5 Nc6 5. cxd6 Nxe4 6. Bd3 Nxd6 7. Nf3 e5 8.
O-O Be6 9. Re1 f6 10. Nd4 Bd5 11. Qh5+ Kd7 12. Bf5+ Kc7 13. Ne6+ Bxe6 14. Bxe6
Qe8 15. Qh3 Nf7 16. b4 Bd6 17. Na3 a6 18. Nc4 b5 19. Bxf7 Qxf7 20. Nxd6 Kxd6
21. Be3 Kc7 22. Bc5 Rad8 23. Qe3 Rd7 24. a4 Qc4 25. axb5 axb5 26. Red1 Rd5 27.
Bb6+ Kd7 28. Qf3 Ke6 29. Rxd5 Qxd5 30. Qg4+ Kf7 31. Rd1 Qe6 32. Rd7+ Ne7 33.
Qd1 Ra8 34. h3 Qxb6 35. Qd5+ Qe6 36. Rxe7+ Kxe7 37. Qxa8 Qc4 38. Qa7+ Kf8 39.
g3 h6 40. Qb7 Kg8 41. Qb6 Kf7 $11 1/2-1/2

[Event "87th YMCA Winter-B"]
[Site "Warszawa"]
[Date "2011.02.03"]
[Round "5"]
[White "Kwiatkowski, Andrzej"]
[Black "Szukalski, Antoni"]
[Result "0-1"]
[WhiteElo "1843"]
[BlackElo "1815"]
[PlyCount "100"]
[EventDate "2011.01.05"]
[EventType "tourn"]
[EventRounds "1"]
[EventCountry "POL"]
[SourceDate "2011.01.05"]

1. e4 c6 2. d4 d5 3. Nd2 dxe4 4. Nxe4 Bf5 5. Ng3 Bg6 6. Nf3 e6 7. h4 h6 8. h5
Bh7 9. Bd3 Nf6 10. Bxh7 Nxh7 11. Qe2 Be7 12. Ne4 Nf6 13. Bd2 Nbd7 14. O-O-O
Nxe4 15. Qxe4 Nf6 16. Qe2 Qc7 17. Kb1 Bd6 18. Ne5 Bxe5 19. dxe5 Nd7 20. Bc3
O-O-O 21. b3 b6 22. Rd6 Nc5 23. Rhd1 Nb7 24. Rxd8+ Rxd8 25. Rxd8+ Qxd8 26. Qg4
Qf8 27. Kb2 Kc7 28. f3 a5 29. a4 Nd8 30. Qd4 Nb7 31. Qd3 Qg8 32. Bd2 Qh8 33.
Be3 Qg8 34. Qd4 c5 35. Qg4 Qf8 36. Qe4 Nd8 37. Bf4 Nc6 38. Qh7 Qd8 39. Qd3 Qxd3
40. cxd3 Nb4 41. Bg3 Nxd3+ 42. Kc3 Nb4 43. Kc4 Kc6 44. Bf4 Nd5 45. Bd2 Nc7 46.
g4 Nd5 47. Kd3 Kd7 48. Ke4 Ne7 49. f4 Nc6 50. g5 Nd4 0-1

[Event "87th YMCA Winter-B"]
[Site "Warszawa"]
[Date "2011.01.27"]
[Round "5"]
[White "Wroblewski, Szymon"]
[Black "Safanowski, Tomasz"]
[Result "1-0"]
[WhiteElo "1831"]
[BlackElo "1953"]
[Annotator "M"]
[PlyCount "89"]
[EventDate "2011.01.05"]
[EventType "tourn"]
[EventRounds "1"]
[EventCountry "POL"]
[SourceDate "2011.01.05"]

1. e4 e5 2. Nf3 Nc6 3. d4 d6 4. dxe5 Nxe5 5. Nxe5 dxe5 6. Qxd8+ Kxd8 7. Bc4 Be6
8. Bxe6 fxe6 9. b3 Bc5 10. Bb2 Bd4 11. c3 Bb6 12. Nd2 c6 13. Nf3 Nf6 14. Nxe5
Nxe4 15. Nf7+ Ke7 16. Nxh8 Bxf2+ 17. Ke2 Bc5 18. c4 Rxh8 19. Bxg7 Rg8 20. Be5
Nf2 21. Rhf1 Ng4 22. Bg3 Bd4 23. Rad1 e5 24. Rd3 Nxh2 25. Rh1 Ng4 26. Rxh7+ Ke6
27. Rxb7 Nf6 28. Kf1 Ne4 29. Bh4 Rf8+ 30. Ke1 Rf4 31. Rh7 Rxh4 $11 32. Rxd4
Rxh7 33. Rxe4 Kf5 34. Re2 e4 35. Kf2 Rd7 36. b4 Rd3 37. Rc2 e3+ 38. Kf3 a6 39.
a4 Ke6 40. Re2 Kf5 41. Rxe3 Rd4 42. Rc3 Rd1 43. Rb3 Rf1+ 44. Ke2 Rf4 45. Rf3
1-0

[Event "87th YMCA Winter-B"]
[Site "Warszawa"]
[Date "2011.02.09"]
[Round "6"]
[White "Grochowski, Mariusz"]
[Black "Safanowski, Tomasz"]
[Result "0-1"]
[WhiteElo "1919"]
[BlackElo "1953"]
[PlyCount "46"]
[EventDate "2011.01.05"]
[EventType "tourn"]
[EventRounds "1"]
[EventCountry "POL"]
[SourceDate "2011.01.05"]

1. d4 d5 2. c4 dxc4 3. Nc3 Nf6 4. e4 e5 5. d5 b5 6. Nxb5 Nxe4 7. Nc3 Nxc3 8.
bxc3 Bc5 9. Qa4+ Nd7 10. Qxc4 O-O 11. Nf3 a5 12. Qb3 e4 13. Nd4 Nb6 14. Bb5
Nxd5 15. Be3 Nxe3 16. fxe3 Qg5 17. Kf2 Bxd4 18. cxd4 Rb8 19. a4 c6 20. Rhb1 Ba6
21. Qc3 cxb5 22. Qxa5 Qf6+ 23. Ke1 bxa4 0-1

[Event "87th YMCA Winter-B"]
[Site "Warszawa"]
[Date "2011.02.09"]
[Round "6"]
[White "Szukalski, Antoni"]
[Black "Wroblewski, Szymon"]
[Result "1/2-1/2"]
[WhiteElo "1815"]
[BlackElo "1831"]
[PlyCount "48"]
[EventDate "2011.01.05"]
[EventType "tourn"]
[EventRounds "1"]
[EventCountry "POL"]
[SourceDate "2011.01.05"]

1. e4 c5 2. c3 d5 3. exd5 Qxd5 4. d4 e6 5. Nf3 Nc6 6. Be2 Nf6 7. Be3 cxd4 8.
Bxd4 Nxd4 9. Qxd4 Bd7 10. Nbd2 Qxd4 11. Nxd4 a6 12. O-O e5 13. N4f3 e4 14. Nd4
Bd6 15. Rfe1 O-O 16. Bd1 Rfe8 17. Bc2 e3 18. Rxe3 Rxe3 19. fxe3 Ng4 20. Nf1 Re8
21. h3 Nxe3 22. Nxe3 Rxe3 23. Kf2 Re5 24. Re1 Rxe1 1/2-1/2

[Event "87th YMCA Winter-B"]
[Site "Warszawa"]
[Date "2011.02.09"]
[Round "6"]
[White "Siekierski, Pawel"]
[Black "Kwiatkowski, Andrzej"]
[Result "1-0"]
[WhiteElo "2015"]
[BlackElo "1843"]
[PlyCount "83"]
[EventDate "2011.01.05"]
[EventType "tourn"]
[EventRounds "1"]
[EventCountry "POL"]
[SourceDate "2011.01.05"]

1. d4 Nf6 2. c4 d6 3. Nc3 Nbd7 4. e4 e5 5. d5 g6 6. Nf3 Nc5 7. Nd2 a5 8. b3 Bg7
9. Be2 O-O 10. O-O Ne8 11. a3 f5 12. f3 f4 13. Rb1 g5 14. b4 axb4 15. axb4 Nd7
16. Nb3 Rf6 17. c5 Nf8 18. Bd2 Rh6 19. Ra1 Rb8 20. Nb5 Qf6 21. Na7 Bd7 22. c6
bxc6 23. Nxc6 Bxc6 24. dxc6 Qg6 25. Ra7 g4 26. fxg4 Qxe4 27. b5 Ne6 28. Be1 Qg6
29. Qd5 Qf6 30. h4 Kh8 31. Bc4 Rg6 32. g5 Qf8 33. Rb7 Ra8 34. h5 Rxg5 35. Qxe6
Ra2 36. Nd2 Rxd2 37. Bxd2 e4 38. Rxf4 Bd4+ 39. Kf1 Nf6 40. Rxf6 Bxf6 41. Bxg5
Bd4+ 42. Qf7 1-0

[Event "87th YMCA Winter-B"]
[Site "Warszawa"]
[Date "2011.02.22"]
[Round "6"]
[White "Gluszko, Monika"]
[Black "Liberadzki, Slawomir"]
[Result "0-1"]
[WhiteElo "1997"]
[BlackElo "2013"]
[Annotator "M"]
[PlyCount "112"]
[EventDate "2011.01.05"]
[EventType "tourn"]
[EventRounds "1"]
[EventCountry "POL"]
[SourceDate "2011.01.05"]

1. e4 c5 2. Nf3 Nc6 3. d4 cxd4 4. Nxd4 e6 5. Nc3 Qc7 6. Be2 Nf6 7. Be3 a6 8.
O-O Bb4 9. Na4 Be7 10. Nxc6 bxc6 11. Nb6 Rb8 12. Nxc8 Qxc8 13. e5 Nd5 14. Bc1
Bc5 15. Kh1 Qc7 16. c4 Ne7 17. f4 d6 $11 18. exd6 Bxd6 19. Qc2 c5 20. Bd3 Nc6
21. Qf2 Nd4 22. Be3 Be7 23. Bxd4 cxd4 24. Rae1 O-O 25. Qxd4 Bf6 26. Qe4 g6 27.
b3 Rfd8 28. Qf3 Rd4 29. Re4 Rbd8 30. Rxd4 Rxd4 31. c5 Qxc5 32. Qa8+ Bd8 33.
Qxa6 Bc7 34. Qb5 Qd6 35. Be2 Rxf4 36. Rxf4 Qxf4 37. g3 Qe4+ 38. Kg1 Qb1+ 39.
Kg2 Qxa2 40. Qa6 Qxa6 41. Bxa6 f5 42. Bc4 Kf7 43. Kf3 Bd6 44. h3 Kf6 45. g4 e5
46. gxf5 gxf5 47. Bd5 Kg5 48. Be6 e4+ 49. Ke2 f4 50. Bd7 Bc5 51. Bc6 f3+ 52.
Kf1 Kf4 53. h4 e3 54. Bb5 Kg4 55. Bc6 e2+ 56. Ke1 Bb4+ 0-1

[Event "87th YMCA Winter-B"]
[Site "Warszawa"]
[Date "2011.02.09"]
[Round "6"]
[White "Kurkowski, Zbigniew"]
[Black "Milczarek, Robert"]
[Result "1/2-1/2"]
[WhiteElo "2059"]
[BlackElo "1882"]
[Annotator "M"]
[PlyCount "104"]
[EventDate "2011.01.05"]
[EventType "tourn"]
[EventRounds "1"]
[EventCountry "POL"]
[SourceDate "2011.01.05"]

1. e4 c5 2. Nf3 d6 3. d4 cxd4 4. Nxd4 Nf6 5. Nc3 a6 6. Be3 e6 7. f3 Be7 8. Qd2
Nc6 9. O-O-O O-O 10. g4 Nxd4 11. Bxd4 b5 12. h4 Nd7 13. g5 b4 14. Na4 a5 15.
Qf2 Qc7 16. Kb1 Bb7 17. Bb5 Bc6 18. Bxc6 Qxc6 19. b3 Ra6 20. Bb2 Rc8 $11 21.
Rd2 Nb6 22. Nxb6 Rxb6 23. Qd4 Bf8 24. h5 Rb5 25. f4 e5 26. Qe3 Rc5 27. Rhh2 a4
28. f5 axb3 29. axb3 Qa6 30. Qd3 Qa7 31. g6 Ra8 32. h6 fxg6 33. hxg7 Bxg7 34.
Qxd6 Ra5 35. Qe6+ Kf8 36. Qd6+ Kg8 37. Qe6+ Kf8 38. c4 bxc3 39. Bxc3 Qg1+ 40.
Kc2 Ra2+ 41. Bb2 Qc5+ 42. Qc4 Qxc4+ 43. bxc4 gxf5 44. exf5 e4 45. Kc1 Bxb2+ 46.
Rxb2 Ra1+ 47. Kc2 Kg7 48. Rb6 R1a2+ 49. Rb2 Rxb2+ 50. Kxb2 Kf6 51. Rxh7 Kxf5
52. Kc3 Kf4 1/2-1/2

[Event "87th YMCA Winter-B"]
[Site "Warszawa"]
[Date "2011.02.09"]
[Round "6"]
[White "Radecki, Krzysztof"]
[Black "Moskwinski, Marek"]
[Result "0-1"]
[WhiteElo "1964"]
[BlackElo "1872"]
[Annotator "M"]
[PlyCount "143"]
[EventDate "2011.01.05"]
[EventType "tourn"]
[EventRounds "1"]
[EventCountry "POL"]
[SourceDate "2011.01.05"]

1. e4 e5 2. Nf3 Nc6 3. Bb5 Nd4 4. Nxd4 exd4 5. O-O c6 6. Bc4 d6 7. Re1 Be7 8.
Qh5 g6 9. Qe2 Nf6 10. e5 Ng4 11. Bxf7+ Kxf7 12. e6+ Kg7 13. Qxg4 Bf6 14. f4 Re8
15. d3 h5 16. Qh3 Qa5 17. Nd2 Qd5 18. Ne4 Bxe6 19. Qg3 Bf5 20. Qf3 Re6 21. Bd2
Bh4 22. c4 dxc3 $11 23. Bxc3+ Kf7 24. g3 Bxe4 25. Rxe4 Bf6 26. Bxf6 Kxf6 27.
Rae1 Rxe4 28. Qxe4 Qxe4 29. Rxe4 b5 30. Kf2 a5 31. d4 Rc8 32. h3 Rc7 33. g4
hxg4 34. hxg4 Rh7 35. Kg3 Rh1 36. Re2 Rd1 37. Rc2 Rd3+ 38. Kh4 Rxd4 39. Rxc6
Rd2 40. Rb6 Rxb2 41. Rxd6+ Kf7 42. a3 b4 43. axb4 axb4 44. Kg5 Rc2 45. Rd7+ Ke8
46. Rb7 Rc4 47. f5 gxf5 48. gxf5 Kf8 49. Kg6 Rg4+ 50. Kf6 Kg8 51. Rb8+ Kh7 52.
Kf7 Rg7+ 53. Ke6 Ra7 54. Rxb4 Ra6+ 55. Ke5 Ra5+ 56. Kf6 Ra6+ 57. Kg5 Ra7 58.
Rh4+ Kg8 59. Kg6 Ra1 60. Rb4 Rg1+ 61. Kf6 Ra1 62. Rb8+ Kh7 63. Re8 Rf1 64. Re2
Ra1 65. Kf7 Kh6 66. f6 Ra7+ 67. Re7 Ra6 68. Re6 Ra7+ 69. Kf8 Ra8+ 70. Re8 Ra7
71. f7 Kg6 72. Re6+ $138 0-1

[Event "87th YMCA Winter-B"]
[Site "Warszawa"]
[Date "2011.02.09"]
[Round "6"]
[White "Ponceleusz, Bronislaw"]
[Black "Potocki, Karol"]
[Result "1-0"]
[WhiteElo "1928"]
[BlackElo "1860"]
[PlyCount "54"]
[EventDate "2011.01.05"]
[EventType "tourn"]
[EventRounds "1"]
[EventCountry "POL"]
[SourceDate "2011.01.05"]

1. c4 Nf6 2. Nc3 c6 3. e4 d6 4. d4 g6 5. Be2 Bg7 6. h3 Nbd7 7. Nf3 Qc7 8. O-O
O-O 9. Be3 e5 10. Qc2 Re8 11. b4 exd4 12. Nxd4 a6 13. Rad1 c5 14. bxc5 dxc5 15.
Nb3 b6 16. f4 Nxe4 17. Nxe4 f5 18. Nc3 Rxe3 19. Nd5 Rxe2 20. Qxe2 Qd8 21. Qe6+
Kh8 22. Nxb6 Qxb6 23. Qxb6 Nxb6 24. Rd8+ Bf8 25. Rxf8+ Kg7 26. Rd8 Nd7 27. Rd1
Nf6 1-0

[Event "87th YMCA Winter-B"]
[Site "Warszawa"]
[Date "2011.02.16"]
[Round "7"]
[White "Potocki, Karol"]
[Black "Grochowski, Mariusz"]
[Result "1-0"]
[WhiteElo "1860"]
[BlackElo "1919"]
[PlyCount "61"]
[EventDate "2011.01.05"]
[EventType "tourn"]
[EventRounds "1"]
[EventCountry "POL"]
[SourceDate "2011.01.05"]

1. c4 c5 2. g3 e6 3. Bg2 Nf6 4. Nf3 Nc6 5. Nc3 Be7 6. O-O O-O 7. d4 cxd4 8.
Nxd4 a6 9. e4 Qc7 10. Nxc6 dxc6 11. Be3 c5 12. f4 e5 13. f5 Rd8 14. Qe2 Bd7 15.
g4 Bf8 16. g5 Ne8 17. Nd5 Qc6 18. Rf3 b5 19. Raf1 Nd6 20. Rh3 Ne8 21. Rxh7 g6
22. fxg6 fxg6 23. Rxf8+ Kxh7 24. Qf2 Ng7 25. Nf6+ Qxf6 26. Rxf6 Be6 27. Qh4+
Kg8 28. Rxg6 Bf7 29. Rxg7+ Kxg7 30. Qh6+ Kg8 31. g6 1-0

[Event "87th YMCA Winter-B"]
[Site "Warszawa"]
[Date "2011.02.16"]
[Round "7"]
[White "Moskwinski, Marek"]
[Black "Ponceleusz, Bronislaw"]
[Result "1-0"]
[WhiteElo "1872"]
[BlackElo "1928"]
[PlyCount "49"]
[EventDate "2011.01.05"]
[EventType "tourn"]
[EventRounds "1"]
[EventCountry "POL"]
[SourceDate "2011.01.05"]

1. e4 d5 2. exd5 Nf6 3. Nf3 Nxd5 4. Nc3 Nxc3 5. bxc3 g6 6. Bc4 Bg7 7. O-O O-O
8. Re1 c5 9. Ne5 e6 10. d4 Qc7 11. Bf4 cxd4 12. Qxd4 Nc6 13. Qc5 Qa5 14. Qxa5
Nxa5 15. Bb3 b6 16. Rad1 Bb7 17. Rd7 Rad8 18. Red1 Rxd7 19. Rxd7 Bf6 20. Nxf7
Nxb3 21. Nh6+ Kh8 22. cxb3 Bxc3 23. Bd6 Bc8 24. Rc7 Rd8 25. Nf7+ 1-0

[Event "87th YMCA Winter-B"]
[Site "Warszawa"]
[Date "2011.02.16"]
[Round "7"]
[White "Milczarek, Robert"]
[Black "Radecki, Krzysztof"]
[Result "0-1"]
[WhiteElo "1882"]
[BlackElo "1964"]
[PlyCount "40"]
[EventDate "2011.01.05"]
[EventType "tourn"]
[EventRounds "1"]
[EventCountry "POL"]
[SourceDate "2011.01.05"]

1. d4 d5 2. c4 c6 3. Nf3 Nf6 4. Nc3 g6 5. cxd5 cxd5 6. Bf4 Nc6 7. h3 Bg7 8. e3
O-O 9. Bd3 Nb4 10. Bb1 e6 11. O-O b6 12. Ne5 Ba6 13. Re1 Nd7 14. a3 Bxe5 15.
dxe5 Nc6 16. Bh6 Re8 17. f4 Qh4 18. Bg5 Qg3 19. b4 Ncxe5 20. b5 Nf3+ 0-1

[Event "87th YMCA Winter-B"]
[Site "Warszawa"]
[Date "2011.02.16"]
[Round "7"]
[White "Liberadzki, Slawomir"]
[Black "Kurkowski, Zbigniew"]
[Result "1-0"]
[WhiteElo "2013"]
[BlackElo "2059"]
[PlyCount "49"]
[EventDate "2011.01.05"]
[EventType "tourn"]
[EventRounds "1"]
[EventCountry "POL"]
[SourceDate "2011.01.05"]

1. e4 c5 2. c3 Nf6 3. e5 Nd5 4. d4 cxd4 5. Nf3 e6 6. Bc4 Nb6 7. Bb3 d6 8. exd6
Bxd6 9. Nxd4 Be7 10. Nd2 Bd7 11. N2f3 Nc6 12. Bf4 Nxd4 13. Nxd4 O-O 14. O-O Rc8
15. Re1 Nc4 16. Qe2 Na5 17. Bc2 Nc6 18. Rad1 Nxd4 19. Rxd4 e5 20. Bxe5 Bc5 21.
Qd3 g6 22. Rxd7 Qh4 23. Qg3 Qc4 24. Bb3 Qb5 25. Qf3 1-0

[Event "87th YMCA Winter-B"]
[Site "Warszawa"]
[Date "2011.02.02"]
[Round "7"]
[White "Kwiatkowski, Andrzej"]
[Black "Gluszko, Monika"]
[Result "1-0"]
[WhiteElo "1843"]
[BlackElo "1997"]
[PlyCount "47"]
[EventDate "2011.01.05"]
[EventType "tourn"]
[EventRounds "1"]
[EventCountry "POL"]
[SourceDate "2011.01.05"]

1. e4 d5 2. exd5 Qxd5 3. Nc3 Qd6 4. d4 a6 5. Nf3 Bg4 6. Be2 Nf6 7. O-O Nc6 8.
h3 Bh5 9. g4 Bg6 10. Be3 O-O-O 11. Qc1 h5 12. g5 Ne4 13. Bf4 Qd7 14. d5 Nxc3
15. bxc3 Qxd5 16. Rd1 Qf5 17. Rxd8+ Nxd8 18. Nd4 Qxh3 19. Bf3 c5 20. Qe3 Qd7
21. Nb3 e5 22. Qxe5 Nc6 23. Bxc6 Qxc6 24. Rd1 1-0

[Event "87th YMCA Winter-B"]
[Site "Warszawa"]
[Date "2011.02.16"]
[Round "7"]
[White "Wroblewski, Szymon"]
[Black "Siekierski, Pawel"]
[Result "0-1"]
[WhiteElo "1831"]
[BlackElo "2015"]
[PlyCount "118"]
[EventDate "2011.01.05"]
[EventType "tourn"]
[EventRounds "1"]
[EventCountry "POL"]
[SourceDate "2011.01.05"]

1. e4 c5 2. Nf3 d6 3. d4 cxd4 4. Nxd4 Nf6 5. Nc3 a6 6. Bg5 e6 7. Be2 Be7 8. O-O
O-O 9. Kh1 b5 10. Bf3 Ra7 11. Be3 Rd7 12. a3 Bb7 13. Qe2 Qc7 14. Rad1 d5 15.
exd5 Nxd5 16. Nxd5 Bxd5 17. Bxd5 Rxd5 18. Rd3 Bf6 19. Rfd1 Rfd8 20. c3 Qc4 21.
R3d2 Qxe2 22. Nxe2 Rxd2 23. Rxd2 Nc6 24. Rxd8+ Bxd8 25. Bc5 Ne5 26. b3 Nd3 27.
Be3 Be7 28. a4 bxa4 29. bxa4 Bc5 30. Nd4 Nb2 31. a5 Nc4 32. Nc2 Bxe3 33. Nxe3
Nxe3 34. fxe3 Kf8 35. Kg1 Ke7 36. Kf2 Kd6 37. Ke2 Kc5 38. Kd3 Kb5 39. Kd4 Kxa5
40. Kc5 Ka4 41. c4 Kb3 42. e4 f6 43. h4 h5 44. g3 Kc3 45. Kd6 Kxc4 46. Kxe6 Kd4
47. Kf7 Kxe4 48. Kg6 a5 49. Kxh5 a4 50. Kg6 a3 51. h5 a2 52. Kxg7 a1=Q 53. h6
f5+ 54. Kg8 Qa8+ 55. Kg7 Qb7+ 56. Kg8 Qc8+ 57. Kg7 Qd7+ 58. Kg8 Qd8+ 59. Kf7
Qh8 0-1

[Event "87th YMCA Winter-B"]
[Site "Warszawa"]
[Date "2011.02.16"]
[Round "7"]
[White "Safanowski, Tomasz"]
[Black "Szukalski, Antoni"]
[Result "1/2-1/2"]
[WhiteElo "1953"]
[BlackElo "1815"]
[Annotator "M"]
[PlyCount "77"]
[EventDate "2011.01.05"]
[EventType "tourn"]
[EventRounds "1"]
[EventCountry "POL"]
[SourceDate "2011.01.05"]

1. f4 f5 2. Nf3 Nf6 3. e3 e5 4. b3 b6 5. Bb2 Bb7 6. c4 d5 7. Be2 Nbd7 8. Nc3
Bb4 9. cxd5 Bxc3 10. Bxc3 Bxd5 11. O-O O-O 12. Rc1 c5 13. Rc2 a5 14. Bb5 Ne4
15. Bb2 Nd6 16. Bc4 Nxc4 17. bxc4 Bc6 18. Qe2 Rb8 19. Nxe5 Nxe5 20. Bxe5 Be4
21. Rc3 Rb7 22. d3 Bc6 23. Rb1 a4 24. d4 Rff7 25. g3 g6 26. h3 Rfd7 27. g4 Qh4
28. g5 Qg3+ 29. Kf1 Bf3 30. Qf2 Qxh3+ 31. Ke1 Qh1+ 32. Qf1 Qxf1+ 33. Kxf1 Be4
34. Rb5 Bc6 35. Rb2 Kf8 36. Kf2 Ke8 37. Ke2 Kd8 38. Rd3 Ke8 39. Bf6 $11 1/2-1/2

[Event "87th YMCA Winter-B"]
[Site "Warszawa"]
[Date "2011.02.23"]
[Round "8"]
[White "Grochowski, Mariusz"]
[Black "Szukalski, Antoni"]
[Result "0-1"]
[WhiteElo "1919"]
[BlackElo "1815"]
[PlyCount "120"]
[EventDate "2011.01.05"]
[EventType "tourn"]
[EventRounds "1"]
[EventCountry "POL"]
[SourceDate "2011.01.05"]

1. d4 d5 2. c4 c6 3. Nc3 Nf6 4. Nf3 Bf5 5. Bg5 Nbd7 6. e3 e6 7. cxd5 exd5 8.
Be2 Be7 9. O-O O-O 10. Re1 Re8 11. a3 a5 12. a4 Qb6 13. Qc1 Bb4 14. Rd1 Bd6 15.
h3 Rac8 16. Nh4 Bg6 17. Nxg6 hxg6 18. Bd3 Nh7 19. Bh4 Qc7 20. Rf1 Ndf6 21. f4
Ne4 22. Bxe4 dxe4 23. Qd2 f5 24. Rfc1 Bb4 25. Qe2 Qf7 26. Na2 Bd6 27. Nc3 Bb4
28. Qd1 Nf6 29. Na2 Bd6 30. Qd2 Nd5 31. Rc2 Qe6 32. Qe2 c5 33. Nc3 cxd4 34.
exd4 Bxf4 35. Kh1 Nb4 36. Rf1 Nxc2 37. Qxc2 Bd6 38. Qe2 Qc4 39. Qd1 Be7 40.
Bxe7 Rxe7 41. d5 Rd7 42. Rf2 Rcd8 43. Qd2 Qc5 44. Qf4 Qd4 45. Rd2 Qf6 46. h4
Qe7 47. Rd1 Kf7 48. g4 Qd6 49. Qf2 Qe5 50. Re1 Kg8 51. g5 Rxd5 52. Nxd5 Qxd5
53. Kh2 Qe5+ 54. Kg2 Rd3 55. Rc1 Qd6 56. Rc2 Rf3 57. Rc8+ Kh7 58. Qe1 Qf4 59.
Rc3 Qg4+ 60. Kh2 e3 0-1

[Event "87th YMCA Winter-B"]
[Site "Warszawa"]
[Date "2011.02.23"]
[Round "8"]
[White "Siekierski, Pawel"]
[Black "Safanowski, Tomasz"]
[Result "0-1"]
[WhiteElo "2015"]
[BlackElo "1953"]
[PlyCount "89"]
[EventDate "2011.01.05"]
[EventType "tourn"]
[EventRounds "1"]
[EventCountry "POL"]
[SourceDate "2011.01.05"]

1. c4 d6 2. Nc3 e5 3. g3 Nc6 4. Bg2 g6 5. d3 Bg7 6. e4 Nge7 7. Nge2 O-O 8. O-O
Be6 9. Be3 Qd7 10. Qd2 Nd4 11. Bh6 Nxe2+ 12. Nxe2 b5 13. Bxg7 Kxg7 14. cxb5
Qxb5 15. d4 Bc4 16. Nc3 Qb6 17. Rfd1 Nc6 18. dxe5 dxe5 19. b3 Be6 20. Nd5 Bxd5
21. exd5 Nd4 22. Rac1 a5 23. Qe3 Qd6 24. Rc4 f6 25. Rdc1 Rf7 26. f4 Re7 27.
fxe5 fxe5 28. Re1 Rae8 29. Qc3 Qb6 30. Kh1 Nb5 31. Qd2 Nd6 32. Qc3 Nxc4 33.
bxc4 Qd4 34. Qb3 e4 35. Bh3 Rf7 36. Qa4 Ref8 37. Qc2 Rf2 38. Qxe4 Qd2 39. Qe5+
R8f6 40. Qe7+ Rf7 41. Qe5+ Kh6 42. Qe3+ Qxe3 43. Rxe3 Rxa2 44. c5 Rff2 45. d6
0-1

[Event "87th YMCA Winter-B"]
[Site "Warszawa"]
[Date "2011.03.15"]
[Round "8"]
[White "Gluszko, Monika"]
[Black "Wroblewski, Szymon"]
[Result "1-0"]
[WhiteElo "1997"]
[BlackElo "1831"]
[PlyCount "43"]
[EventDate "2011.01.05"]
[EventType "tourn"]
[EventRounds "1"]
[EventCountry "POL"]
[SourceDate "2011.01.05"]

1. e4 c5 2. Nf3 d6 3. d4 cxd4 4. Nxd4 Nf6 5. Nc3 a6 6. Be2 e6 7. O-O b5 8. Bf3
Ra7 9. Be3 Rd7 10. a4 bxa4 11. Rxa4 Bb7 12. Be2 Nxe4 13. Nxe4 Bxe4 14. Nxe6
Bxc2 15. Nxg7+ Bxg7 16. Qxc2 O-O 17. Bd3 h6 18. Qd2 f5 19. Bxh6 Bxh6 20. Qxh6
Rf6 21. Qh3 f4 22. Rxf4 1-0